Die teuersten Fußballtransfers - Linker Verteidiger - Saison 2012-2013 - Statistiken

Allgemein
  • Dieses Quiz wurde 12 mal gespielt
  • Das Durchschnittsergebnis liegt bei 2 aus 10
Antwortstatistiken
Ablöse (M €) Nationalität Abgebender Verein Aufnehmender Verein Spieler % Korrekt
14,00 Spanien FC Valencia FC Barcelona Jordi Alba
100%
10,00 Spanien FC Málaga FC Arsenal Nacho Monreal
55%
5,00 Niederlande Vitesse Arnheim Manchester United Alexander Büttner
27%
4,00 Brasilien SC Braga Shakhtar D. Ismaily
18%
8,00 Guinea / Frankreich Genua CFC AC Mailand Kévin Constant
18%
10,00 Uruguay FC Porto Inter Mailand Álvaro Pereira
9%
4,50 Costa Rica FC Kopenhagen FC Everton Bryan Oviedo
9%
4,50 Italien US Palermo AS Rom Federico Balzaretti
0%
4,00 Brasilien FC Granada Udinese Calcio Gabriel Silva
0%
3,75 Türkei Kayserispor Fenerbahce Hasan Ali Kaldırım
0%
Keine übereinstimmenden Quizze gefunden
Verteilung der Resultate
Anzahl Personen mit jedem Resultat
Perzentil nach korrekt beantworteten Fragen
Ihre Resultats-Entwicklung
Sie haben dieses Quiz noch nicht gespielt